000 00550cam a2200169ua 4500
020 _a81 85116 16 4
_c300.00
041 _aeng
_h
082 _a631.87
_bTON/FE
100 _aTendon, H L S .
245 _aFertilisers organic manuels recyclable wastes and biofertilisers: components of integrated plant nutrition /
_cH L S Tendon.
_hTextual Documents
260 _aNewdelhi :
_bFertiliser development and consultation organisation ,
_c1997.
300 _a147 ; .
365 _a300.00
504 _a
942 _cBK
999 _c3569
_d3569